[Event "Brackel 2- Godesberg"]
[Site "?"]
[Date "2022.10.16"]
[Round "3.6"]
[White "Bartelt, Max"]
[Black "Broehl, Stephan"]
[Result "1-0"]
[WhiteElo "2016"]
[BlackElo "2129"]
[PlyCount "55"]
[SourceVersionDate "2023.06.22"]

1. d4 d5 2. Bg5 f6 3. Bh4 Nh6 4. e3 Nf5 5. Bd3 h5 6. Bg3 h4 7. Qf3 e6 8. Bf4 g5
9. g4 Nh6 10. Nh3 gxf4 11. Nxf4 Bd6 12. Nh5 Be7 13. Nc3 O-O 14. O-O-O Nc6 15.
Rhg1 Kh8 16. Qh3 f5 17. gxf5 exf5 18. Rg6 Ng4 19. f3 Qe8 20. Nf4 Rg8 21. Rxg8+
Qxg8 22. fxg4 fxg4 23. Qg2 h3 24. Qg3 Qg5 25. Ncxd5 Bd6 26. Qf2 Bd7 27. Rg1 Qh6
28. Ng6+ 1-0

[Event "Brackel 2- Godesberg"]
[Site "?"]
[Date "2022.10.16"]
[Round "3.7"]
[White "Kutzner, Stephen"]
[Black "Seref, Erdogan"]
[Result "1-0"]
[WhiteElo "2075"]
[BlackElo "1976"]
[PlyCount "185"]
[SourceVersionDate "2023.06.22"]

1. e4 e5 2. Nf3 Nf6 3. Nxe5 d6 4. Nf3 Nxe4 5. Nc3 Nxc3 6. dxc3 Be7 7. Be3 Nc6
8. Qd2 Be6 9. O-O-O Qd7 10. Kb1 Bf6 11. Bg5 Bxg5 12. Qxg5 f6 13. Qh4 a6 14. Bd3
O-O-O 15. Rhe1 Bf5 16. Bxf5 Qxf5 17. Nd4 Nxd4 18. Qxd4 Kb8 19. Re7 Rhe8 20.
Rde1 Qd7 21. Qe3 Rxe7 22. Qxe7 Kc8 23. Qe4 Rh8 24. b3 Kb8 25. Kb2 Kc8 26. Re3
d5 27. Qd4 Kb8 28. c4 Rd8 29. cxd5 Qxd5 30. Qxd5 Rxd5 31. Re8+ Ka7 32. Re7 Rg5
33. g3 Kb6 34. h4 Rg4 35. Rf7 Kc6 36. Kc3 Kd6 37. Kd3 a5 38. a4 b6 39. c3 h5
40. Ke3 c6 41. Rb7 Kc5 42. Ra7 g6 43. Kd3 f5 44. Rd7 b5 45. axb5 cxb5 46. Rc7+
Kb6 47. Rf7 Kc5 48. Rc7+ Kb6 49. Rf7 Kc5 50. Rf6 f4 51. gxf4 Rxh4 52. Ke3 Rg4
53. f5 g5 54. Rg6 h4 55. f3 Rg2 56. b4+ axb4 57. cxb4+ Kd5 58. Rb6 Ke5 59. f6
Rc2 60. f7 Rc8 61. Rg6 h3 62. Rg8 h2 63. Re8+ Kd5 64. f8=Q Rxe8+ 65. Qxe8 h1=Q
66. Qxb5+ Kd6 67. Qc5+ Ke6 68. Qc6+ Ke5 69. Qe4+ Kd6 70. Kd4 Qa1+ 71. Kc4 Qc1+
72. Kb5 Qf1+ 73. Kb6 Qg1+ 74. Kb7 Qc1 75. Qd4+ Ke6 76. Qc5 Qf1 77. Qc6+ Ke5 78.
b5 Kf4 79. Qe4+ Kg3 80. Qg4+ Kh2 81. Qh5+ Qh3 82. Qxh3+ Kxh3 83. Kc6 Kg3 84. b6
Kxf3 85. b7 g4 86. b8=Q g3 87. Qb2 g2 88. Qd4 Ke2 89. Qg1 Kf3 90. Kd5 Kg3 91.
Ke4 Kh3 92. Kf4 Kh4 93. Qh2# 1-0

[Event "Brackel 2- Godesberg"]
[Site "?"]
[Date "2022.10.16"]
[Round "3.8"]
[White "Slanina, Aaron"]
[Black "Selalmazidis, Arsenis"]
[Result "0-1"]
[WhiteElo "1914"]
[BlackElo "2049"]
[PlyCount "96"]
[SourceVersionDate "2023.06.22"]

1. e4 c5 2. Nf3 d6 3. d4 cxd4 4. Nxd4 Nf6 5. Nc3 a6 6. Bg5 e6 7. f4 b5 8. a3
Bb7 9. Qf3 Nbd7 10. O-O-O Be7 11. g4 Rc8 12. h4 Rxc3 13. Qxc3 Nxe4 14. Qf3 f6
15. Rh2 Nf8 16. Qe3 fxg5 17. hxg5 e5 18. Nf5 Ne6 19. g6 Nxf4 20. gxh7 g6 21.
Ng3 Nxg3 22. Qxg3 Qc7 23. Bd3 Kf7 24. g5 Qd8 25. Rg1 Nxd3+ 26. cxd3 Bc8 27. Qh4
Bf5 28. Rf2 Qd7 29. Rgf1 Bf8 30. Qh3 Ke8 31. Rxf5 gxf5 32. Qh5+ Kd8 33. g6 f4
34. Qf3 Bg7 35. Qd5 Rf8 36. Kb1 Ke7 37. Rc1 Kf6 38. Qg8 Qd8 39. Qd5 Kxg6 40.
Qe4+ Kf7 41. Rg1 Bf6 42. Qd5+ Ke7 43. Rg8 f3 44. Rg3 Qa8 45. Qb3 e4 46. Qc2 e3
47. Qc7+ Ke6 48. Rg4 f2 0-1

[Event "Mülheim Nord 3- Letmathe"]
[Site "?"]
[Date "2022.10.16"]
[Round "3.1"]
[White "Haub, Thorsten Michael"]
[Black "Walter, Andreas"]
[Result "1-0"]
[WhiteElo "2431"]
[BlackElo "2171"]
[PlyCount "65"]
[SourceVersionDate "2023.06.22"]

1. Nf3 d5 2. g3 c5 3. Bg2 Nc6 4. O-O e5 5. d3 Be7 6. e4 d4 7. Na3 h5 8. c3 h4
9. Nc4 Qc7 10. cxd4 cxd4 11. Qb3 h3 12. Bh1 Be6 13. Ng5 Bxg5 14. Bxg5 f6 15.
Bd2 g5 16. Rfc1 Rd8 17. Bf3 Nge7 18. Qd1 Qd7 19. a4 g4 20. Be2 f5 21. f3 gxf3
22. Bxf3 O-O 23. b4 Ng6 24. exf5 Bxf5 25. Qe2 Qg7 26. Kh1 Be6 27. Be4 Nce7 28.
Bg5 Rd7 29. Rf1 Nd5 30. Qh5 Rxf1+ 31. Rxf1 Nf8 32. Nxe5 Qxe5 33. Bh6 1-0

[Event "Mülheim Nord 3- Letmathe"]
[Site "?"]
[Date "2022.10.16"]
[Round "3.3"]
[White "Bosch, Jeroen"]
[Black "Albers, Sasa"]
[Result "0-1"]
[WhiteElo "2415"]
[BlackElo "2117"]
[PlyCount "92"]
[SourceVersionDate "2023.06.22"]

1. d4 Nf6 2. c4 e6 3. Nc3 Bb4 4. e3 O-O 5. Nge2 d5 6. a3 Be7 7. cxd5 exd5 8.
Nf4 b6 9. b4 Bb7 10. Rb1 c6 11. Bd3 Na6 12. O-O Nc7 13. Qc2 Re8 14. Bd2 Bd6 15.
f3 Ba6 16. Bxa6 Nxa6 17. Qa4 Nb8 18. Nfe2 Qc7 19. h3 Nbd7 20. Rbc1 Qb7 21. Qb3
Nf8 22. Rc2 Rac8 23. Rfc1 Ng6 24. Nd1 Nd7 25. Nf2 b5 26. e4 dxe4 27. fxe4 Nb6
28. e5 Nc4 29. Ng3 Bc7 30. Nf5 Ne7 31. Nxe7+ Rxe7 32. Ne4 Bb6 33. Nc5 Bxc5 34.
bxc5 Qd7 35. Rxc4 bxc4 36. Qxc4 Rb8 37. Bb4 Qf5 38. Re1 h6 39. d5 cxd5 40. Qxd5
Qe6 41. Qf3 Rc8 42. Kh1 Qc6 43. Qf2 Qd5 44. Qg3 Re6 45. Kh2 Rce8 46. Rc1 Rg6
0-1

[Event "Mülheim Nord 3- Letmathe"]
[Site "?"]
[Date "2022.10.16"]
[Round "3.4"]
[White "Kuipers, Dustin"]
[Black "Gruermann, Martin"]
[Result "1-0"]
[WhiteElo "2159"]
[BlackElo "2209"]
[Annotator "daniel"]
[PlyCount "75"]
[SourceVersionDate "2023.06.22"]

1. Nf3 Nf6 2. g3 g6 3. b3 Bg7 4. Bb2 O-O 5. Bg2 d6 6. d4 Nc6 7. O-O $11 e5 8.
dxe5 Ng4 9. c4 Re8 10. h3 Ngxe5 11. Nxe5 dxe5 12. Nc3 Nd4 13. e3 Ne6 14. Qxd8
Rxd8 15. Rfd1 Rxd1+ 16. Rxd1 c6 17. Ne4 f5 18. Nd6 Bh8 19. b4 e4 20. Bxh8 Kxh8
21. g4 Nf8 22. f3 exf3 23. Bxf3 fxg4 24. hxg4 Be6 25. Nxb7 Bxc4 26. a3 Be6 27.
Rd6 Re8 28. Kf2 Bc8 29. Na5 Ne6 30. Nxc6 Rf8 31. Kg3 Ng5 32. Bg2 Bb7 33. Rd7
Bxc6 34. Bxc6 Rf6 35. b5 a6 36. b6 Rxc6 37. b7 Rb6 38. Rd8+ 1-0

[Event "Mülheim Nord 3- Letmathe"]
[Site "?"]
[Date "2022.10.16"]
[Round "3.5"]
[White "Pfleger, Sascha"]
[Black "Voss, Gunther"]
[Result "1/2-1/2"]
[WhiteElo "2033"]
[BlackElo "2123"]
[Annotator "daniel"]
[PlyCount "93"]
[SourceVersionDate "2023.06.22"]

1. d4 Nf6 2. c4 e6 3. g3 d5 4. Bg2 Bb4+ 5. Nc3 O-O 6. a3 Bxc3+ 7. bxc3 c5 8.
cxd5 Nxd5 9. Bd2 Nc6 10. Nf3 cxd4 11. cxd4 b6 12. O-O Bb7 13. Qa4 a6 14. Bg5 f6
15. Bd2 Re8 16. e4 b5 17. Qb3 Nb6 18. Bc3 Nc4 19. Rfe1 N6a5 20. Qa2 Kh8 $11 21.
Rab1 Bc6 22. Rbd1 Ra7 23. Bb4 Rd7 24. Qa1 Qa8 25. Qc3 Nb7 26. Qb3 a5 27. Bc3
Nbd6 28. d5 exd5 29. e5 fxe5 30. Nxe5 Nxe5 31. Rxe5 Rxe5 32. Bxe5 Nc4 33. Bd4
Qf8 34. Re1 Re7 35. Qc3 Rxe1+ 36. Qxe1 Qd6 37. Qc3 Qe7 38. h4 b4 39. axb4 axb4
40. Qc1 b3 41. h5 Kg8 42. h6 g6 43. Kh2 Qa3 44. Qg5 Qd6 45. Qc1 Qa3 46. Qg5 Qd6
47. Qc1 1/2-1/2

[Event "Mülheim Nord 3- Letmathe"]
[Site "?"]
[Date "2022.10.16"]
[Round "3.6"]
[White "Bus, Tom"]
[Black "Hunold, Rolf"]
[Result "1-0"]
[WhiteElo "2156"]
[BlackElo "2005"]
[PlyCount "105"]
[SourceVersionDate "2023.06.22"]

1. Nf3 Nf6 2. c4 c5 3. g3 b6 4. Bg2 Bb7 5. O-O e6 6. Nc3 Be7 7. Re1 a6 8. e4 d6
9. d4 cxd4 10. Nxd4 Qc7 11. Be3 Nbd7 12. Rc1 O-O 13. f4 Nc5 14. Bf2 Rfd8 15.
Qe2 Bf8 16. b4 Ncd7 17. f5 exf5 18. Nd5 Bxd5 19. cxd5 Qb7 20. Nxf5 Rac8 21. Rc6
Qa8 22. Rec1 b5 23. Nd4 Ne5 24. Bh3 Nxc6 25. Nxc6 Rb8 26. Bd4 Ne8 27. a3 g6 28.
Qb2 Qb7 29. Kg2 Bg7 30. Bxg7 Nxg7 31. Qd4 Re8 32. Nxb8 Qxb8 33. Rc6 Qd8 34.
Rxa6 Qe7 35. Kf2 f5 36. Ra7 Qe5 37. Qxe5 Rxe5 38. Rd7 fxe4 39. Rxd6 e3+ 40. Ke2
Kf7 41. Be6+ Kf6 42. Rb6 Nf5 43. Bxf5+ Kxf5 44. Rxb5 Kg4 45. Rc5 g5 46. d6 Re8
47. d7 Rd8 48. Rd5 h6 49. Kxe3 Kh3 50. Rd2 h5 51. Ke4 h4 52. gxh4 gxh4 53. Ke5
1-0

[Event "Mülheim Nord 3- Letmathe"]
[Site "?"]
[Date "2022.10.16"]
[Round "3.7"]
[White "Heeke, Guido"]
[Black "Mainusch, Martin"]
[Result "0-1"]
[WhiteElo "1868"]
[BlackElo "2068"]
[PlyCount "66"]
[SourceVersionDate "2023.06.22"]

1. c4 e6 2. Nf3 d5 3. d4 a6 4. cxd5 exd5 5. Nc3 Nf6 6. Bg5 Be7 7. e3 O-O 8. Be2
c6 9. O-O Nbd7 10. Rc1 Ne8 11. Bxe7 Qxe7 12. Qc2 Nd6 13. Bd3 f5 14. Rfe1 Ne4
15. a3 Rf6 16. Re2 Rh6 17. b4 g5 18. Bxe4 fxe4 19. Nd2 Qd6 20. Nf1 Nf6 21. Qb3
Bg4 22. Rec2 Bf3 23. Ng3 Qe6 24. gxf3 exf3 25. Kf1 Rxh2 26. Ke1 Ng4 27. e4 Re8
28. Nd1 Qf6 29. Rc3 Qf4 30. R1c2 Rxe4+ 31. Ne3 Nxe3 32. Rxe3 Rxe3+ 33. Qxe3
Qxe3+ 0-1

[Event "Kamen- Krefeld"]
[Site "?"]
[Date "2022.10.16"]
[Round "3.1"]
[White "Ricken, Katharina"]
[Black "Luetke, Jens"]
[Result "1/2-1/2"]
[WhiteElo "2188"]
[BlackElo "2201"]
[PlyCount "37"]
[SourceVersionDate "2023.06.22"]

1. Nf3 e6 2. g3 Nf6 3. Bg2 d5 4. d4 Be7 5. c4 O-O 6. O-O c6 7. Qc2 Nbd7 8. b3
b6 9. Rd1 Ba6 10. a4 h6 11. a5 Bb4 12. Bd2 Qe7 13. Bxb4 Qxb4 14. Ra4 Qe7 15.
axb6 axb6 16. Nbd2 Bb7 17. Rda1 dxc4 18. Rxa8 Bxa8 19. Nxc4 1/2-1/2

[Event "Kamen- Krefeld"]
[Site "?"]
[Date "2022.10.16"]
[Round "3.2"]
[White "Himmel, Hansjoerg"]
[Black "Van Gool, Rudi"]
[Result "1-0"]
[WhiteElo "2271"]
[BlackElo "2168"]
[PlyCount "41"]
[SourceVersionDate "2023.06.22"]

1. d4 Nf6 2. Nf3 e6 3. Bf4 c5 4. e3 Qb6 5. Nc3 cxd4 6. exd4 Qxb2 7. Nb5 Nd5 8.
Rb1 Qxa2 9. Bd2 Na6 10. Ra1 Qb2 11. Bc4 Nab4 12. O-O a6 13. Bb3 axb5 14. Rxa8
Nb6 15. Ra1 Be7 16. c3 N4d5 17. Ra2 Nxc3 18. Rxb2 Nxd1 19. Rxd1 Nc4 20. Bxc4
bxc4 21. Ra1 1-0

[Event "Kamen- Krefeld"]
[Site "?"]
[Date "2022.10.16"]
[Round "3.3"]
[White "Fehmer, Carsten"]
[Black "Weidemann, Christian"]
[Result "1/2-1/2"]
[WhiteElo "2144"]
[BlackElo "2230"]
[PlyCount "32"]
[SourceVersionDate "2023.06.22"]

1. Nf3 g6 2. g3 Bg7 3. d4 Nf6 4. Bg2 d5 5. c4 c6 6. cxd5 cxd5 7. Nc3 Ne4 8. Qb3
Nxc3 9. Qxc3 O-O 10. O-O Nc6 11. Be3 Qa5 12. Qxa5 Nxa5 13. Ne5 Be6 14. b3 Rac8
15. Rac1 f6 16. Nd3 Bf7 1/2-1/2

[Event "Kamen- Krefeld"]
[Site "?"]
[Date "2022.10.16"]
[Round "3.4"]
[White "Kleinegger, Frank"]
[Black "Dorner, Matthias"]
[Result "1/2-1/2"]
[WhiteElo "2161"]
[BlackElo "2185"]
[PlyCount "24"]
[SourceVersionDate "2023.06.22"]

1. Nf3 d5 2. d4 Nf6 3. c4 c6 4. cxd5 cxd5 5. Nc3 Nc6 6. Bf4 Bf5 7. e3 Rc8 8.
Qb3 Na5 9. Bb5+ Bd7 10. Qa4 Rc4 11. Bxd7+ Nxd7 12. Qd1 e6 1/2-1/2

[Event "Kamen- Krefeld"]
[Site "?"]
[Date "2022.10.16"]
[Round "3.5"]
[White "Guddat, Joachim"]
[Black "Georg, Heinz"]
[Result "1/2-1/2"]
[WhiteElo "2131"]
[BlackElo "2170"]
[Annotator "daniel"]
[PlyCount "155"]
[SourceVersionDate "2023.06.22"]

1. d4 f5 2. Nf3 Nf6 3. g3 g6 4. Bg2 Bg7 5. O-O O-O 6. c4 d6 7. Nc3 Qe8 8. e4
fxe4 9. Ng5 Nc6 10. Be3 e5 11. d5 Bg4 12. Qd2 Na5 13. b3 b6 14. h3 Bd7 15.
Ngxe4 Nh5 16. Rac1 Nb7 17. Kh2 a5 18. a4 Qe7 19. Nb5 Rac8 20. Rfd1 Kh8 21. Rc2
Bf5 22. Ra2 Nf6 23. f3 Nh5 24. Na7 Ra8 25. Nc6 Qe8 26. Nc3 Bd7 27. Nb5 Qc8 28.
b4 axb4 29. Nxb4 Na5 30. Qe2 Rf7 31. Nc3 Qf8 32. Ne4 h6 33. Rf1 Nb3 34. Qc2 Na5
35. Nd3 Kh7 36. Bd2 Bf5 37. Raa1 Bd7 38. Bxa5 Rxa5 39. Qb3 Qe8 40. Nb2 Nf6 41.
h4 Ra8 42. Bh3 Bxh3 43. Kxh3 Qd7+ 44. Kg2 Nxe4 45. fxe4 Raf8 46. Qe3 h5 47. Qe2
Rxf1 48. Rxf1 Rxf1 49. Qxf1 Bh6 50. Qd1 Kg7 51. Nd3 Be3 52. Qe2 Bd4 53. Qc2 Qg4
54. Ne1 Be3 $11 55. Nf3 Bf4 56. Qf2 Bc1 57. Qe1 Bh6 58. Nh2 Qd7 59. Qd1 Be3 60.
g4 hxg4 61. Qxg4 Qxa4 62. h5 Qe8 63. Nf3 Qf7 64. Kf1 Kh6 65. hxg6 Qxg6 66. Qh4+
Kg7 67. Ke2 Bf4 68. Qe7+ Qf7 69. Qxf7+ Kxf7 70. Ne1 Bg3 71. Nc2 Ke7 72. Nb4 Kd7
73. Nc6 Kc8 74. Kd3 Kb7 75. Kc3 Be1+ 76. Kb3 Ka6 77. Nb8+ Kb7 78. Nc6 1/2-1/2

[Event "Kamen- Krefeld"]
[Site "?"]
[Date "2022.10.16"]
[Round "3.6"]
[White "Seepe, Udo"]
[Black "Reuter, Julian"]
[Result "1/2-1/2"]
[WhiteElo "2113"]
[BlackElo "1976"]
[PlyCount "67"]
[SourceVersionDate "2023.06.22"]

1. c4 c6 2. d4 d5 3. cxd5 cxd5 4. Bf4 Nf6 5. e3 Nc6 6. Nc3 a6 7. a3 Bf5 8. Nf3
e6 9. Be2 Bd6 10. Bxd6 Qxd6 11. O-O O-O 12. Na4 Rac8 13. Nc5 Rc7 14. b4 Bg4 15.
Rc1 e5 16. Nxe5 Bxe2 17. Qxe2 Nxe5 18. dxe5 Qxe5 19. Nd3 Qd6 20. Rxc7 Qxc7 21.
Rc1 Qe7 22. Qb2 Rd8 23. Qd4 Ne4 24. Qb6 h6 25. Rc7 Rd7 26. Rxd7 Qxd7 27. f3 Nd2
28. Nc5 Qf5 29. Qxb7 Qb1+ 30. Kf2 Qf1+ 31. Kg3 Qe1+ 32. Kg4 Nf1 33. Qc8+ Kh7
34. Qf5+ 1/2-1/2

[Event "Kamen- Krefeld"]
[Site "?"]
[Date "2022.10.16"]
[Round "3.7"]
[White "Maes, Valery"]
[Black "Georg, Felix"]
[Result "1-0"]
[WhiteElo "2108"]
[BlackElo "2034"]
[PlyCount "75"]
[SourceVersionDate "2023.06.22"]

1. d4 Nf6 2. Nf3 e6 3. e3 b6 4. Bd3 Bb7 5. O-O Ne4 6. Nfd2 Nf6 7. c4 d5 8. Nc3
Be7 9. b3 O-O 10. Bb2 c5 11. dxc5 bxc5 12. cxd5 exd5 13. Nf3 Nc6 14. Rc1 Rc8
15. Bf5 Rb8 16. Bd3 Nb4 17. Bb1 Ba6 18. Re1 Re8 19. Na4 c4 20. Nd4 Qd7 21. Nf5
Bb7 22. Nxe7+ Qxe7 23. Bxf6 Qxf6 24. Nc3 Ba6 25. Nxd5 Nxd5 26. Qxd5 Re5 27. Qd4
Rd8 28. Qxa7 cxb3 29. axb3 Red5 30. e4 Rd2 31. Qe3 Qb2 32. e5 Be2 33. h3 Rd1
34. Rexd1 Bxd1 35. e6 fxe6 36. Qxe6+ Kh8 37. Rc8 Qd4 38. Qe8+ 1-0

[Event "Kamen- Krefeld"]
[Site "?"]
[Date "2022.10.16"]
[Round "3.8"]
[White "Kilian, Ralf"]
[Black "Schuricht, Emil"]
[Result "1/2-1/2"]
[WhiteElo "2086"]
[BlackElo "1672"]
[PlyCount "33"]
[SourceVersionDate "2023.06.22"]

1. d4 d5 2. c4 c6 3. cxd5 cxd5 4. Nc3 Nf6 5. Nf3 Nc6 6. Bf4 a6 7. a3 Bf5 8. Ne5
Qb6 9. Nxc6 Qxc6 10. Rc1 Rc8 11. e3 e6 12. Bd3 Bxd3 13. Qxd3 Bd6 14. Bxd6 Qxd6
15. O-O O-O 16. Na4 Nd7 17. b4 1/2-1/2

[Event "Werden- Bielefeld"]
[Site "?"]
[Date "2022.10.16"]
[Round "3.1"]
[White "Forchert, Martin"]
[Black "Kaufeld, Juergen"]
[Result "0-1"]
[WhiteElo "2303"]
[BlackElo "2299"]
[PlyCount "62"]
[SourceVersionDate "2023.06.22"]

1. e4 c6 2. d4 d5 3. exd5 cxd5 4. Bd3 Nc6 5. c3 Nf6 6. Bf4 Bg4 7. Qb3 Na5 8.
Qa4+ Bd7 9. Qc2 Nh5 10. Be3 Qc7 11. Nd2 Nf4 12. Bxf4 Qxf4 13. Ne2 Qc7 14. O-O
e6 15. Rae1 Bd6 16. Nf3 O-O-O 17. b3 Nc6 18. Qd2 f6 19. c4 Bb4 20. Qe3 Bxe1 21.
Rxe1 Kb8 22. Rc1 g5 23. a3 Bc8 24. b4 dxc4 25. Rxc4 Qd6 26. Nd2 e5 27. Ne4 Qe7
28. Rxc6 bxc6 29. Nc5 Rhe8 30. Be4 exd4 31. Nxd4 Qd6 0-1

[Event "Werden- Bielefeld"]
[Site "?"]
[Date "2022.10.16"]
[Round "3.2"]
[White "Berger, Konstantin"]
[Black "Gruen, Gerd- Peter"]
[Result "0-1"]
[WhiteElo "2065"]
[BlackElo "2293"]
[PlyCount "102"]
[SourceVersionDate "2023.06.22"]

1. e4 e5 2. Nf3 Nc6 3. Bc4 Bc5 4. O-O Nf6 5. d4 Bxd4 6. Nxd4 Nxd4 7. Bg5 d6 8.
f4 Ne6 9. fxe5 dxe5 10. Qxd8+ Kxd8 11. Bxe6 Bxe6 12. Rxf6 gxf6 13. Bxf6+ Kd7
14. Nd2 Rhg8 15. Nf3 Bg4 16. Nxe5+ Ke6 17. Nxg4 Rxg4 18. e5 Rag8 19. g3 Rd4 20.
Rf1 Rd2 21. Rf2 Rxf2 22. Kxf2 Rg4 23. Ke3 Kd5 24. b3 b5 25. c3 c5 26. Kd3 c4+
27. Ke3 a5 28. Kd2 Ke4 29. bxc4 bxc4 30. Bd8 a4 31. Kc2 Rg8 32. Bc7 Rc8 33. Bd6
Kd5 34. Be7 Kxe5 35. Kb2 Ke4 36. Ka3 Kd3 37. Bf6 h5 38. h3 Rc6 39. Bd4 Rg6 40.
Kxa4 Ra6+ 41. Kb5 Rxa2 42. h4 Rg2 43. Be5 f6 44. Bxf6 Rxg3 45. Kc5 Rg2 46. Kd5
Rc2 47. Ke6 Rxc3 48. Kf5 Rb3 49. Bg5 Rb6 50. Bf4 c3 51. Kg5 Rb5+ 0-1

[Event "Werden- Bielefeld"]
[Site "?"]
[Date "2022.10.16"]
[Round "3.3"]
[White "Simon, Hans- Christian"]
[Black "Kauch, Markus"]
[Result "1/2-1/2"]
[WhiteElo "2171"]
[BlackElo "2136"]
[PlyCount "60"]
[SourceVersionDate "2023.06.22"]

1. d4 d5 2. c4 c6 3. cxd5 cxd5 4. Nc3 Nf6 5. Nf3 a6 6. Bf4 Nc6 7. e3 Bg4 8. h3
Bh5 9. g4 Bg6 10. Qb3 Ra7 11. Ne5 e6 12. Rc1 Nd7 13. Nxd7 Qxd7 14. Be2 Bd6 15.
Bxd6 Qxd6 16. Qa3 Qxa3 17. bxa3 Kd7 18. Na4 Kd6 19. Kd2 b5 20. Nc5 Na5 21. a4
Nc4+ 22. Kc3 Rb8 23. Rhd1 f6 24. Bxc4 bxc4 25. Rd2 a5 26. f4 Rb4 27. a3 Rb6 28.
Rf1 Be8 29. Rb2 Rxb2 30. Kxb2 Ra8 1/2-1/2

[Event "Werden- Bielefeld"]
[Site "?"]
[Date "2022.10.16"]
[Round "3.4"]
[White "Roth, Markus"]
[Black "Goessling, Guido"]
[Result "1-0"]
[WhiteElo "2176"]
[BlackElo "2144"]
[PlyCount "37"]
[SourceVersionDate "2023.06.22"]

1. Nf3 d5 2. c4 c6 3. g3 Nf6 4. d4 dxc4 5. Bg2 b5 6. b3 cxb3 7. axb3 e6 8. O-O
Bb7 9. Ne5 Nbd7 10. Nxc6 Qb6 11. d5 exd5 12. Na5 Rc8 13. Qd3 Bc5 14. Nxb7 Qxb7
15. Nc3 a6 16. Nxd5 Nxd5 17. Bxd5 Qb6 18. Qe4+ Kf8 19. Qf5 1-0

[Event "Werden- Bielefeld"]
[Site "?"]
[Date "2022.10.16"]
[Round "3.5"]
[White "Beilfuß, Wilfried"]
[Black "Ter Steeg, Marcus"]
[Result "1/2-1/2"]
[WhiteElo "2134"]
[BlackElo "2044"]
[PlyCount "33"]
[SourceVersionDate "2023.06.22"]

1. Nf3 d5 2. d4 Nf6 3. c4 e6 4. g3 Bb4+ 5. Bd2 Be7 6. Bg2 c6 7. Qc2 Ne4 8. O-O
O-O 9. Rd1 Nd7 10. b3 f5 11. Bc1 g5 12. Ne5 Nxe5 13. dxe5 Bd7 14. Nc3 a5 15. e3
Bb4 16. Ne2 Be7 17. f3 1/2-1/2

[Event "Werden- Bielefeld"]
[Site "?"]
[Date "2022.10.16"]
[Round "3.6"]
[White "Huette, Stefan"]
[Black "Danielmeier, Ralf"]
[Result "1/2-1/2"]
[WhiteElo "2038"]
[BlackElo "2070"]
[PlyCount "32"]
[SourceVersionDate "2023.06.22"]

1. d4 g6 2. Nf3 Bg7 3. Bf4 Nf6 4. e3 c5 5. c3 b6 6. Be2 O-O 7. h4 d6 8. Nbd2 h5
9. Ng5 Nc6 10. Bf3 Bg4 11. Nde4 Nxe4 12. Nxe4 Bxf3 13. Qxf3 d5 14. Ng5 Qd7 15.
Rd1 cxd4 16. exd4 Qf5 1/2-1/2

[Event "Werden- Bielefeld"]
[Site "?"]
[Date "2022.10.16"]
[Round "3.7"]
[White "Roemhild, Marcus"]
[Black "Rehfeldt, Jens"]
[Result "0-1"]
[WhiteElo "2043"]
[BlackElo "2047"]
[PlyCount "62"]
[SourceVersionDate "2023.06.22"]

1. c4 e5 2. g3 Nc6 3. Bg2 Bc5 4. Nc3 d6 5. e3 a5 6. Nge2 Nge7 7. d4 Bb6 8. O-O
O-O 9. b3 Bf5 10. a3 f6 11. Bb2 Qe8 12. Rc1 Rd8 13. Kh1 Qg6 14. d5 Nb8 15. e4
Bd7 16. b4 f5 17. exf5 Bxf5 18. Na4 Ba7 19. c5 Na6 20. cxd6 cxd6 21. b5 Nc5 22.
Nxc5 Bxc5 23. Qd2 Bd3 24. a4 Rxf2 25. Rxf2 Bxf2 26. Qxa5 Rf8 27. Qd2 Nf5 28.
Rc3 Bxe2 29. Qxe2 Nd4 30. Qe4 Qh5 31. Rc1 Ne2 0-1

[Event "Werden- Bielefeld"]
[Site "?"]
[Date "2022.10.16"]
[Round "3.8"]
[White "Mann, Gergely"]
[Black "Doering, Carsten"]
[Result "1-0"]
[WhiteElo "1966"]
[BlackElo "2025"]
[PlyCount "111"]
[SourceVersionDate "2023.06.22"]

1. d4 Nf6 2. Bf4 g6 3. Nc3 d5 4. e3 Bg7 5. h4 h5 6. Nf3 Bf5 7. Bd3 Ne4 8. Nb5
Na6 9. c3 O-O 10. Ng5 c6 11. Na3 e5 12. dxe5 Nac5 13. Bc2 Qe7 14. Nxe4 dxe4 15.
Qd6 Rfe8 16. Nc4 Rad8 17. Qxe7 Rxe7 18. Bg5 Rde8 19. Bxe7 Rxe7 20. Nd6 Bxe5 21.
Nxf5 gxf5 22. O-O-O f4 23. exf4 Bxf4+ 24. Kb1 f5 25. Rd8+ Kg7 26. Rhd1 Bc7 27.
Rc8 Bb6 28. Rd2 f4 29. Re2 e3 30. fxe3 fxe3 31. g3 Nd7 32. Bd3 Nf6 33. Kc2 Bc7
34. Rxe3 Rxe3 35. Rxc7+ Kf8 36. Rxb7 Rxg3 37. Rxa7 Rg4 38. a4 Rxh4 39. a5 Ra4
40. a6 Ke8 41. b4 Kd8 42. Kb3 Ra1 43. Kb2 Rd1 44. Rf7 Nd5 45. a7 Nb6 46. Rb7
Na8 47. Be4 Rd6 48. Rh7 Re6 49. Rh8+ Kc7 50. Rxa8 Kb7 51. Rh8 Kxa7 52. Bf3 Kb6
53. Rxh5 Rf6 54. Bh1 Re6 55. Rc5 Rh6 56. Rxc6+ 1-0

[Event "Lasker Köln- Porz 3"]
[Site "?"]
[Date "2022.10.16"]
[Round "3.1"]
[White "Gallinnis, Norbert"]
[Black "Wiekert, Martin"]
[Result "0-1"]
[WhiteElo "2142"]
[BlackElo "2294"]
[PlyCount "148"]
[SourceVersionDate "2023.06.22"]

1. e4 d6 2. d4 Nf6 3. Nc3 e5 4. Nge2 Be7 5. g3 O-O 6. Bg2 c6 7. O-O b5 8. h3
Nbd7 9. d5 Bb7 10. a3 a5 11. Be3 cxd5 12. exd5 b4 13. Na4 Ba6 14. Re1 Qc7 15.
g4 Rfc8 16. g5 Ne8 17. Be4 g6 18. c3 Qc4 19. Bc2 Nc7 20. Bb3 Qh4 21. Qd2 Qxh3
22. axb4 axb4 23. cxb4 Rab8 24. Ng3 Qg4 25. Rec1 Qxb4 26. Rc3 Ne8 27. Bd1 Rxc3
28. Nxc3 Bc8 29. Ra4 Qxb2 30. Qe1 Nb6 31. Ra7 Rb7 32. Ra2 Qb4 33. Bf3 Rc7 34.
Nge4 Bf5 35. Bd2 Nc4 36. Ra4 Nxd2 37. Qxd2 Qb6 38. Qa2 Rb7 39. Ra8 Rb8 40. Ra7
Qd8 41. Qd2 Ra8 42. Rb7 Bc8 43. Rb4 Ng7 44. Bg2 Nf5 45. f4 Qa5 46. Rb2 Qa7+ 47.
Kh2 Ne3 48. Ra2 Ng4+ 49. Kg3 Qb7 50. Rxa8 Qxa8 51. fxe5 Nxe5 52. Nb5 Bf5 53.
Nf6+ Kg7 54. Nc7 Qa3+ 55. Kh2 Qa4 56. Nce8+ Kh8 57. Kg1 Qa1+ 58. Kf2 Nd3+ 59.
Kf3 Qe5 60. Bf1 Nc5 61. Qb4 Bxf6 62. Nxf6 Nd7 63. Qh4 h5 64. Kf2 Nxf6 65. gxf6
Qxd5 66. Be2 Bg4 67. Bxg4 Qd4+ 68. Ke1 Qxg4 69. Qf2 Qe4+ 70. Kd2 g5 71. Kc3 Kh7
72. Kb3 Kg6 73. Ka3 h4 74. Qb2 Qa8+ 0-1

[Event "Lasker Köln- Porz 3"]
[Site "?"]
[Date "2022.10.16"]
[Round "3.2"]
[White "Paris, Michael"]
[Black "Finke, Kai"]
[Result "0-1"]
[WhiteElo "2145"]
[BlackElo "2116"]
[PlyCount "138"]
[SourceVersionDate "2023.06.22"]

1. e4 c5 2. Nf3 d6 3. d4 cxd4 4. Qxd4 Nc6 5. Qe3 g6 6. Bc4 Bg7 7. O-O Nf6 8. h3
O-O 9. Nc3 Bd7 10. Qe2 a6 11. a4 Qc7 12. Bg5 e6 13. Rfd1 Ne5 14. Bb3 h6 15. Bh4
g5 16. Bg3 Rfd8 17. Rxd6 Qxd6 18. Bxe5 Qe7 19. Bc7 Rdc8 20. Bh2 Nh5 21. Rd1 Bc6
22. Bd6 Qf6 23. Ne5 Nf4 24. Qe3 h5 25. Nc4 Re8 26. Be5 Qh6 27. Qb6 Bxe5 28.
Nxe5 Rec8 29. Nxc6 bxc6 30. Qc5 Qf6 31. e5 Qf5 32. Re1 Ng6 33. Ne4 Qxe5 34.
Qxe5 Nxe5 35. Nxg5 Ng6 36. Re4 Rd8 37. Bc4 Rab8 38. b3 a5 39. Be2 h4 40. Bh5
Kg7 41. Bxg6 Kxg6 42. Nf3 Rd1+ 43. Kh2 Rb4 44. Ne5+ Kf5 45. Rxb4 axb4 46. Nxc6
Ke4 47. Nxb4 Rc1 48. a5 Ra1 49. a6 Kd4 50. Nc6+ Kd5 51. Nb4+ Kc5 52. Nd3+ Kb5
53. c4+ Kxa6 54. Ne5 f5 55. Ng6 Kb6 56. Nxh4 Kc5 57. Kg3 Rb1 58. Kf4 Kd6 59.
Ng6 Rxb3 60. h4 Rc3 61. Ne5 Rc2 62. Ng6 Rxf2+ 63. Kg3 Rc2 64. h5 Rxc4 65. Nf4
e5 66. Ng6 Rg4+ 67. Kf3 Rg5 68. g3 Rxh5 69. Nh4 Rxh4 0-1